Különös házasság I.

Bibliographic Details
Main Author: Mikszáth, Kálmán, 1847-1910 (Author)
Format: Book
Language:English
PhysicalDescription:240 s.
Published: Bratislava Slovenské vydav. krásnej literatúry 1956

MARC

LEADER 00000nam a2200000 a 4500
001 vtls008187528
003 SK-MaSNL
005 20260302074055.0
008 240318 000 0 eng
040 |a SNK  |b slo  |c SNK  |e AACR2 
100 1 |a Mikszáth, Kálmán,  |d 1847-1910  |4 aut  |9 89516 
245 1 0 |a Különös házasság  |n I. 
260 |a Bratislava  |b Slovenské vydav. krásnej literatúry  |c 1956 
300 |a 240 s. 
999 |c 1163578  |d 1165508 
952 |a SNK  |b SNK  |y PREZ  |7 0  |p 17A0481074  |o snkSE 8201/1  |i snkD 3020/91  |3 rekatalogizácia  |0 0  |1 0  |4 0  |d 2005-08-02  |l 0  |r 2026-02-24 20:40:45  |w 2026-02-24